Výklad k zmenkovému a šekovému zákonu

Výklad k zmenkovému a šekovému zákonu č.191/1950 Zb. Zmenky - ich právna úprava. Zmenky - možnosti ich použitia v praxi. Šeky - ich právna úprava a možnosti ich použitia v praxi.

Na minha lista:
Detalhes bibliográficos
Autor principal: Petrjánošová, Božena
Formato: Capítulo de Livro
Idioma:eslovaco
Assuntos:
Tags: Adicionar Tag
Sem tags, seja o primeiro a adicionar uma tag!

MARC

LEADER 00000naa a2200000 4500
001 r023765
005 20221205090117.3
041 0 |a slo 
044 |a SK 
245 1 0 |a Výklad k zmenkovému a šekovému zákonu  |c Božena Petrjánošová 
520 |a Výklad k zmenkovému a šekovému zákonu č.191/1950 Zb. Zmenky - ich právna úprava. Zmenky - možnosti ich použitia v praxi. Šeky - ich právna úprava a možnosti ich použitia v praxi. 
610 2 0 |a zmenky 
610 2 0 |a šeky 
610 2 0 |a zákony 
610 2 0 |a papiere cenné 
610 2 0 |a styk platobný 
610 2 0 |a operácie bankové 
610 2 0 |a komentáre 
100 1 |a Petrjánošová, Božena